| 000 | 02180nam a2200577 i 4500 | ||
|---|---|---|---|
| 001 | 5525 | ||
| 003 | KOSZ 005 | ||
| 005 | 20200722113404.0 | ||
| 008 | 200722s1992 pl a f 001 0 pol | ||
| 015 | _aUWD 1992/10897 | ||
| 020 | _a8320808618 | ||
| 035 | _a991001554789705066 | ||
| 035 | _a(PL-WaBN)b10443630-48omnis_nlop | ||
| 035 | _ab10443630 | ||
| 035 | _a(OCoLC)749568720 | ||
| 035 | _a(PL)b0000001044363 | ||
| 035 | _a(EXLNZ-48OMNIS_NETWORK)9910430939205606 | ||
| 040 |
_aWA N _cWA N _dKOSZ 005/RW |
||
| 041 | 0 |
_apol _heng |
|
| 046 | _k1986 | ||
| 080 | _a005 | ||
| 080 | _a005.34 | ||
| 080 | _a005.95/.96 | ||
| 080 | _a(075.8) | ||
| 100 | 1 |
_aStoner, James Arthur Finch _d(1935- ) _eAutor |
|
| 245 | 1 | 0 |
_aKierowanie / _cJames A. F. Stoner, Charles Wankel ; przełożył [z angielskiego] Andrzej Ehrlich. |
| 246 | 1 |
_iTytuł oryginału: _aManagement, _f1986 |
|
| 260 |
_aWarszawa : _bPaństwowe Wydawnictwa Ekonomiczne, _c1992. |
||
| 300 |
_a535, [1] stron : _bilustracje, wykresy ; _c26 cm. |
||
| 336 |
_aTekst _btxt _2rdacontent |
||
| 337 |
_aBez urządzenia pośredniczącego _bn _2rdamedia |
||
| 338 |
_aWolumin _bnc _2rdacarrier |
||
| 380 | _aKsiążki | ||
| 380 | _aPublikacje dydaktyczne | ||
| 388 | 1 | _a1901-2000 | |
| 388 | 1 | _a1989-2000 | |
| 504 | _aIndeks. | ||
| 521 | 8 | _aKsiążka przeznaczona jest dla studentów tych szkół wyższych i tych kierunków studiów, które kształcą przyszłych kierowników, dla słuchaczy szkół zarządzania, uczestników kursów doskonalących umiejętności kierownicze oraz obecnych i przyszłych kierowników. | |
| 650 | 7 |
_aZarządzanie _2DBN |
|
| 650 | 2 | _aOrganizacja | |
| 650 | 2 | _aZarządzanie strategiczne | |
| 655 | 7 |
_aPodręczniki akademickie _2DBN |
|
| 658 | _aGospodarka, ekonomia, finanse | ||
| 658 | _aZarządzanie i marketing | ||
| 700 | 1 |
_aWankel, Charles _eAutor |
|
| 700 | 1 |
_aEhrlich, Andrzej _eTłumaczenie |
|
| 710 | 2 |
_aPaństwowe Wydawnictwo Ekonomiczne _4pbl |
|
| 856 |
_uhttp://koha.tu.koszalin.pl/cgi-bin/koha/opac-detail.pl?biblionumber=5525 _yKatalog online BPK |
||
| 942 |
_2UKD _cKS |
||
| 999 |
_c5525 _d5525 |
||